| 000 | 00419nam a22001337a 4500 | ||
|---|---|---|---|
| 008 | 260515b |||||||| |||| 00| 0 eng d | ||
| 020 | _a9780471522294 | ||
| 050 | _aQK 603 Ale | ||
| 100 |
_95495 _aAlexopoulos, C. J. |
||
| 245 |
_aIntroductory mycology _c/ by C. J. Alexopoulos; C. W. Mims; and M. Blackwell |
||
| 260 |
_aCanada : _bJohn Wiley & Sons. Inc. _c1996 |
||
| 300 | _ax, 869 pages : illustrations | ||
| 942 | _2lcc | ||
| 999 |
_c86707 _d86707 |
||